Statistics for Names of Jakarta Throughout History

Click here to take the quiz!

General Stats

  • This quiz has been taken 20 times
  • The average score is 4 of 12

Answer Stats

Answer% Correct
Jakarta
94%
Batavia
88%
Jayakarta
65%
Sunda Kelapa
47%
Djakarta
35%
Jakaruta
24%
Betawi
18%
Capala
12%
Djajakarta
12%
Jacatra
12%
Kalapa
12%
Sunda Pura
12%

Score Distribution

Percentile by Number Answered

Percent of People with Each Score

Your Score History

You have not taken this quiz